000 00375nam a2200157Ia 4500
008 210716s2002 xx 000 0 und d
020 _a0761994963
041 _aeng
082 _a658.31243 AGOD
100 _aAgochiya, Devendra.
245 _aEvery trainers handbook.
250 _a1
260 _aNew Delhi
_bSage Publications
_c2002
300 _a341
650 _aNone
999 _c199579
_d199579